00525nam a2200157 a 450000500170000000800410001702000180005805000250007610000150010124500470011626000320016330000090019544000210020499900190022595201230024420140412111326.0110128s19uu xx 00 eng d a0-590-62387-7 aTR(PS EbFe32sa 1996 aBerry, Joy aLet's talk about Feeling Sad /cJoy Berry. aU.S.A :bScholastic,c1999. aunp. aLet's talk about c104676d104676 001040aELbELcTRd2011-01-28eLib. Fundg170.00l0oTR(PS E Fe32sa 1996pE8443r2014-04-12 00:00:00w2014-04-12yBK